پرچھییاں / (Record no. 108013)

MARC details
000 -LEADER
fixed length control field 00931nam a22002657a 4500
005 - DATE AND TIME OF LATEST TRANSACTION
control field 20170123162334.0
010 ## - LIBRARY OF CONGRESS CONTROL NUMBER
LC control number A-794662
020 ## - INTERNATIONAL STANDARD BOOK NUMBER
Terms of availability 170.00
International Standard Book Number 8172019912
035 ## - SYSTEM CONTROL NUMBER
System control number A-794662
037 ## - SOURCE OF ACQUISITION
Source of stock number/acquisition Cen Lib/Ret
040 ## - CATALOGING SOURCE
Original cataloging agency DPL
Language of cataloging UR
082 ## - DEWEY DECIMAL CLASSIFICATION NUMBER
Classification number ن
Item number گ ه و
100 ## - MAIN ENTRY--PERSONAL NAME
Personal name گھوش، امیتاو
9 (RLIN) 14097
245 ## - TITLE STATEMENT
Title پرچھییاں /
Statement of responsibility, etc امیتاو گھوش ؛ مراتجام قدیر زمان
246 ## - VARYING FORM OF TITLE
Title proper/short title Parchhayiyan /
Remainder of title by Amitav Ghosh ; traslated by Qadeer Zaman
260 ## - PUBLICATION, DISTRIBUTION, ETC. (IMPRINT)
Place of publication, distribution, etc نیی دہلی
Name of publisher, distributor, etc ساہتیہ اکدمی
Date of publication, distribution, etc 1996
270 ## - ADDRESS
City نیی دہلی
Address راویںرہ بھوں ٣٥، فیروز شاہ مارگ
Postal code 110001
300 ## - PHYSICAL DESCRIPTION
Extent 311p.
Dimensions 21cm(Hb)
650 ## - SUBJECT ADDED ENTRY--TOPICAL TERM
Topical term or geographic name as entry element ادب --انگلش
9 (RLIN) 140821
650 ## - SUBJECT ADDED ENTRY--TOPICAL TERM
Topical term or geographic name as entry element انگلش ناول
9 (RLIN) 509
650 ## - SUBJECT ADDED ENTRY--TOPICAL TERM
Topical term or geographic name as entry element Literature - English
9 (RLIN) 32150
650 ## - SUBJECT ADDED ENTRY--TOPICAL TERM
Topical term or geographic name as entry element English novel
9 (RLIN) 14422
700 ## - ADDED ENTRY--PERSONAL NAME
Personal name قدیر زمان
9 (RLIN) 140822
942 ## - ADDED ENTRY ELEMENTS (KOHA)
Source of classification or shelving scheme Dewey Decimal Classification
Koha item type Urdu Bks
Classification part ن
Call number suffix گ ه و
Holdings
Withdrawn status Lost status Damaged status Not for loan Home library Current library Date acquired Source of acquisition Cost, normal purchase price Total Checkouts Full call number Barcode Date last seen Date checked out Copy number Cost, replacement price Price effective from Koha item type
        Central Library Central Library 13/01/2016 Cen Lib/Ret 170.00 1 ن گ ه و A-794662 29/11/2017 18/11/2017 1 170.00 13/01/2016 Urdu Bks

© Delhi Public Library
Hit Counter
free hit counter